G Protein Signaling Mechanisms in the Retina

We have learned a great deal about the organization and function of GPCR pathways, and the role that they play in vision. The information gained from these studies has provided, and will continue to provide, critical insights to further our understanding of complex GPCR pathways in the central nervo...

Πλήρης περιγραφή

Λεπτομέρειες βιβλιογραφικής εγγραφής
Συγγραφή απο Οργανισμό/Αρχή: SpringerLink (Online service)
Άλλοι συγγραφείς: Martemyanov, Kirill A. (Επιμελητής έκδοσης), Sampath, Alapakkam P. (Επιμελητής έκδοσης)
Μορφή: Ηλεκτρονική πηγή Ηλ. βιβλίο
Γλώσσα:English
Έκδοση: New York, NY : Springer New York : Imprint: Springer, 2014.
Σειρά:Springer Series in Vision Research ; 3
Θέματα:
Διαθέσιμο Online:Full Text via HEAL-Link
LEADER 03804nam a22004935i 4500
001 978-1-4939-1218-6
003 DE-He213
005 20151030031334.0
007 cr nn 008mamaa
008 140904s2014 xxu| s |||| 0|eng d
020 |a 9781493912186  |9 978-1-4939-1218-6 
024 7 |a 10.1007/978-1-4939-1218-6  |2 doi 
040 |d GrThAP 
050 4 |a RC321-580 
072 7 |a PSAN  |2 bicssc 
072 7 |a MED057000  |2 bisacsh 
082 0 4 |a 612.8  |2 23 
245 1 0 |a G Protein Signaling Mechanisms in the Retina  |h [electronic resource] /  |c edited by Kirill A. Martemyanov, Alapakkam P. Sampath. 
264 1 |a New York, NY :  |b Springer New York :  |b Imprint: Springer,  |c 2014. 
300 |a VIII, 198 p. 35 illus., 26 illus. in color.  |b online resource. 
336 |a text  |b txt  |2 rdacontent 
337 |a computer  |b c  |2 rdamedia 
338 |a online resource  |b cr  |2 rdacarrier 
347 |a text file  |b PDF  |2 rda 
490 1 |a Springer Series in Vision Research ;  |v 3 
505 0 |a 1. Introduction: G-protein Signaling in the Retina -- Part One- Phototransduction in Rods and Cones -- 2. G-protein Deactivation Mechanisms in Vertebrate Phototransduction -- 3. Signaling by Rod and Cone Photoreceptors: Opsin Properties, G-protein Assembly and Mechanisms of Activation -- 4. G-protein–effector Coupling in the Vertebrate Phototransduction Cascade -- Part II- Inner Retinal GPCR Signaling Pathways -- 5. Interdependence among Members of the mGluR6 G-protein Mediated Signalplex of Retinal Depolarizing Bipolar Cells -- 6. Mechanistic Basis for G-protein Function in ON Bipolar Cells -- 7. Modulation of Trpm1 and the mGluR6 cascade in ON Bipolar Cells -- 8. The Role of Dopamine in Fine-tuning Cone- and Rod-driven Vision -- 9. Regulation of Electrical Synaptic Plasticity in the Retina by G-protein Coupled Receptors -- Part III- Signaling by Photosensitive Ganglion Cells -- 10. The Functional Properties of the G-protein-coupled Receptor melanopsin in Intrinsically Photosensitive Retinal Ganglion Cells. 
520 |a We have learned a great deal about the organization and function of GPCR pathways, and the role that they play in vision. The information gained from these studies has provided, and will continue to provide, critical insights to further our understanding of complex GPCR pathways in the central nervous and endocrine systems. In essence, the retina is the first ‘optogenetically’-driven circuit with clearly understood physiology. Thus, studying GPCR-driven pathways in the retina will likely guide the interpretation of optogenetic experiments, which are increasingly utilized to study central circuits. Collectively, these signaling pathways allow the retina to represent visual space over a wide range of light intensities and to synchronize its function to the day/night cycle. G protein Signaling Mechanisms in the Retina summarizes our current understanding of the organizational principles of GPCR pathways, using insights derived from the study of the retina. The book highlights several G protein signaling cascades, including phototransduction, ON bipolar cell signaling, dopaminergic pathways, and ipRGC signaling. 
650 0 |a Medicine. 
650 0 |a Neurosciences. 
650 0 |a Proteins. 
650 0 |a Neurobiology. 
650 1 4 |a Biomedicine. 
650 2 4 |a Neurosciences. 
650 2 4 |a Neurobiology. 
650 2 4 |a Receptors. 
700 1 |a Martemyanov, Kirill A.  |e editor. 
700 1 |a Sampath, Alapakkam P.  |e editor. 
710 2 |a SpringerLink (Online service) 
773 0 |t Springer eBooks 
776 0 8 |i Printed edition:  |z 9781493912179 
830 0 |a Springer Series in Vision Research ;  |v 3 
856 4 0 |u http://dx.doi.org/10.1007/978-1-4939-1218-6  |z Full Text via HEAL-Link 
912 |a ZDB-2-SBL 
950 |a Biomedical and Life Sciences (Springer-11642)